| 000 | 00463cam a2200193ua 4500 | ||
|---|---|---|---|
| 001 | 10696 | ||
| 005 | 20260515114642.0 | ||
| 008 | 190327n ii |||gr||||Z||||||eng | ||
| 020 | _a9789384303037 | ||
| 040 | _cMAIN | ||
| 082 | _a425 | ||
| 100 |
_aAmlanjyoti Sengupta, _eAuthor. |
||
| 245 | _aCommunication skills | ||
| 250 | _a1st ed. | ||
| 260 |
_aDibrugarh: _bKangan stationery stores, _c2014. |
||
| 300 | _a167p. | ||
| 653 | _aEnglish grammar | ||
| 942 | _cBK | ||
| 999 |
_c9657 _d9657 |
||